| 000 | 00475nam a2200181Ia 4500 | ||
|---|---|---|---|
| 001 | 23746 | ||
| 005 | 20260414150957.0 | ||
| 008 | 260414t1967||||xx |||||||||||||| ||spa|| | ||
| 041 | _aESP | ||
| 082 |
_a704 _bP62 T.1 |
||
| 100 |
_aPischel, Gina _eAUT |
||
| 245 | 0 |
_aHistoria universal del arte 1 : _bpintura - escultura - arquitectura - artes decorativas |
|
| 260 | _c1967 | ||
| 300 |
_apágs. : _c29 cm. |
||
| 650 | _aABD | ||
| 654 | _aCAU | ||
| 942 |
_cLIB _dJUS _fJUS _2ddc _n |
||
| 999 |
_c23746 _d23746 |
||